Statistics for Call of Duty Advanced Warfare Guns in Gun Game

Click here to take the quiz!

General Stats

  • This quiz has been taken 31 times
  • The average score is 11 of 25

Answer Stats

HintAnswer% Correct
1ASM1
91%
6AK-12
64%
25Crossbow
59%
18Mors
59%
5MP11
55%
3KF5
50%
11MK14
50%
2Ameli
45%
4Hbra3
45%
19RW1
45%
9AMR9
41%
8ARX-160
41%
7IMR
41%
14Pytaek
41%
23Atlas 20mm
36%
10Bulldog
36%
20PDW
36%
24MAHEM
32%
15S12
32%
13Tac 19
32%
12EM1
27%
21MP443 grach
27%
22MP443 grach
27%
16XMG
27%
17EPM3
23%

Score Distribution

Percentile by Number Answered

Percent of People with Each Score

Your Score History

You have not taken this quiz